<?xml version="1.0" encoding="UTF-8"?>
<record
    xmlns:xsi="http://www.w3.org/2001/XMLSchema-instance"
    xsi:schemaLocation="http://www.loc.gov/MARC21/slim http://www.loc.gov/standards/marcxml/schema/MARC21slim.xsd"
    xmlns="http://www.loc.gov/MARC21/slim">

  <leader>00982nam a22002417a 4500</leader>
  <datafield tag="010" ind1=" " ind2=" ">
    <subfield code="a">A-721065</subfield>
  </datafield>
  <datafield tag="020" ind1=" " ind2=" ">
    <subfield code="c">400.00</subfield>
  </datafield>
  <datafield tag="035" ind1=" " ind2=" ">
    <subfield code="a">A-721065</subfield>
  </datafield>
  <datafield tag="037" ind1=" " ind2=" ">
    <subfield code="a">Cen Lib / Ret</subfield>
  </datafield>
  <datafield tag="040" ind1=" " ind2=" ">
    <subfield code="a">DPL</subfield>
    <subfield code="b">HN</subfield>
  </datafield>
  <datafield tag="082" ind1=" " ind2=" ">
    <subfield code="a">423.2</subfield>
    <subfield code="b">&#x92C;&#x93E;&#x939;&#x930;&#x940;</subfield>
  </datafield>
  <datafield tag="245" ind1=" " ind2=" ">
    <subfield code="a">&#x930;&#x93E;&#x91C;&#x92A;&#x93E;&#x932; &#x905;&#x902;&#x917;&#x94D;&#x930;&#x947;&#x91C;&#x940;- &#x939;&#x93F;&#x902;&#x926;&#x940;&#x92A;&#x93E;&#x930;&#x93F;&#x92D;&#x93E;&#x937;&#x93F;&#x915; &#x936;&#x92C;&#x94D;&#x926;&#x915;&#x94B;&#x936; /</subfield>
    <subfield code="b">&#x938;&#x902;&#x92A;&#x93E;&#x926;&#x915; &#x939;&#x930;&#x926;&#x947;&#x935; &#x92C;&#x93E;&#x939;&#x930;&#x940;</subfield>
  </datafield>
  <datafield tag="246" ind1=" " ind2=" ">
    <subfield code="a">Rajpal English-hindi-Dictionary /</subfield>
    <subfield code="b">editied by Hardev Bahari</subfield>
  </datafield>
  <datafield tag="260" ind1=" " ind2=" ">
    <subfield code="a">&#x926;&#x93F;&#x932;&#x94D;&#x932;&#x940;</subfield>
    <subfield code="b">&#x930;&#x93E;&#x91C;&#x92A;&#x93E;&#x932; &#x90F;&#x923;&#x94D;&#x921; &#x938;&#x928;&#x94D;&#x91C;&#x93C;</subfield>
    <subfield code="c">1995</subfield>
  </datafield>
  <datafield tag="270" ind1=" " ind2=" ">
    <subfield code="b">&#x926;&#x93F;&#x932;&#x94D;&#x932;&#x940;</subfield>
    <subfield code="a">&#x915;&#x936;&#x94D;&#x92E;&#x940;&#x930;&#x940; &#x917;&#x947;&#x91F; </subfield>
  </datafield>
  <datafield tag="300" ind1=" " ind2=" ">
    <subfield code="a">668p.</subfield>
    <subfield code="b">18cm</subfield>
    <subfield code="c">ill</subfield>
  </datafield>
  <datafield tag="650" ind1=" " ind2=" ">
    <subfield code="a">&#x939;&#x93F;&#x902;&#x926;&#x940;--&#x905;&#x902;&#x917;&#x94D;&#x930;&#x947;&#x91C;&#x940;-- &#x936;&#x92C;&#x94D;&#x926;&#x915;&#x94B;&#x937;</subfield>
  </datafield>
  <datafield tag="650" ind1=" " ind2=" ">
    <subfield code="a">&#x936;&#x92C;&#x94D;&#x926;&#x915;&#x94B;&#x937;</subfield>
  </datafield>
  <datafield tag="650" ind1=" " ind2=" ">
    <subfield code="a">Hindi-- English-- Dictionary</subfield>
  </datafield>
  <datafield tag="650" ind1=" " ind2=" ">
    <subfield code="a"> Dictionary</subfield>
  </datafield>
  <datafield tag="700" ind1=" " ind2=" ">
    <subfield code="a">&#x92C;&#x93E;&#x939;&#x930;&#x940;, &#x939;&#x930;&#x926;&#x947;&#x935;</subfield>
  </datafield>
  <datafield tag="942" ind1=" " ind2=" ">
    <subfield code="2">ddc</subfield>
    <subfield code="c">HN</subfield>
    <subfield code="h">423.2</subfield>
    <subfield code="m">&#x92C;&#x93E;&#x939;&#x930;&#x940;</subfield>
  </datafield>
  <datafield tag="999" ind1=" " ind2=" ">
    <subfield code="c">122230</subfield>
    <subfield code="d">122230</subfield>
  </datafield>
  <datafield tag="952" ind1=" " ind2=" ">
    <subfield code="0">0</subfield>
    <subfield code="1">0</subfield>
    <subfield code="4">0</subfield>
    <subfield code="7">1</subfield>
    <subfield code="8">REF</subfield>
    <subfield code="a">L</subfield>
    <subfield code="b">L</subfield>
    <subfield code="d">2016-03-09</subfield>
    <subfield code="e">Cen Lib/Ret</subfield>
    <subfield code="g">400.00</subfield>
    <subfield code="l">0</subfield>
    <subfield code="o">423.2 &#x92C;&#x93E;&#x939;&#x930;&#x940;</subfield>
    <subfield code="p">A-721065</subfield>
    <subfield code="r">2016-03-09 00:00:00</subfield>
    <subfield code="t">1</subfield>
    <subfield code="v">400.00</subfield>
    <subfield code="w">2016-03-09</subfield>
    <subfield code="y">HN</subfield>
  </datafield>
</record>
